| 000 | 02107nam a22002057a 4500 | ||
|---|---|---|---|
| 003 | OSt | ||
| 005 | 20240416101857.0 | ||
| 008 | 240416s2019 ag ||||| |||| 00| 0 spa d | ||
| 020 | _a9789871912971 | ||
| 040 | _cbesoc | ||
| 100 | 1 |
_aBrasca, Érica _eautor |
|
| 245 |
_aArchivo Mikielievich : _bObras y colecciones / _cÉrica Brasca, Ernesto Inouye, Bernardo Orge |
||
| 260 |
_aRosario : _bemr, _c2019 |
||
| 300 | _a207 p. | ||
| 520 | _aLa ciudad de Rosario fue el denominador común de todos los proyectos que emprendió Wladimir C. Mikielievich (1904-1999) a lo largo de siete décadas de intensa actividad intelectual. Colaboró con numerosos diarios y revistas sobre temas históricos rosarinos; fue director general de Estadística de la Municipalidad; coordinó la junta de Nomenclatura Urbana que dio nombre a más de trescientas calles; tuvo a su cargo la organización local del Censo General de la Nación en 1947 y 1960; recabó en el Archivo General de Indias de Sevilla documentos sobre los orígenes de la ciudad; fundó y presidió la Sociedad de Historia de Rosario; elaboró un voluminoso Diccionario de Rosario de 54 tomos; conformó la colección particular de diarios y revistas locales más amplia de la que se tenga registro y consignó en un catálogo todas las publicaciones aparecidas en la ciudad desde mediados del siglo XIX hasta fines de la década de 1980; formó una biblioteca de casi siete mil volúmenes y distintas colecciones de fotografías, mapas y planos, volantes políticos, partituras, guías turísticas, postales autografiadas, etiquetas, membretes y folletos, siempre con el mismo tema. El Archivo Mikielievich es el resultado final de una vida avocada a estudiar y recopilar documentos y testimonios sobre la historia de Rosario. Este libro propone una primera aproximación a los materiales que lo componen y, al mismo tiempo, deja traslucir la visión de quien los reunió. [Nota del editor] | ||
| 600 |
_aMikielievich, Wladimir _d(1904-1999) _xHistoria _zRosario |
||
| 700 | 1 |
_aInouye, Ernesto _eautor |
|
| 700 | 1 |
_aOrge, Bernardo _eautor |
|
| 942 |
_2udc _cOG _n0 |
||
| 999 |
_c229 _d229 |
||